Kajian tempatan : bantuan studi lengkap UPSR PKBS
| Main Author: | |
|---|---|
| Format: | Book |
| Published: |
Petaling Jaya :
Sasbadi Sdn. Bhd. ,
1995
|
| Subjects: |
MARC
| LEADER | 00000cam a2200000 7i4500 | ||
|---|---|---|---|
| 001 | 0000007296 | ||
| 002 | 000007849 | ||
| 005 | 20040324.0 | ||
| 020 | |a 9830292169 | ||
| 090 | 0 | 0 | |a 372 |b HAM |
| 100 | 0 | |a Hammal Umar | |
| 245 | 0 | 0 | |a Kajian tempatan : |b bantuan studi lengkap UPSR PKBS |c Hammal Umar |
| 260 | |a Petaling Jaya : |b Sasbadi Sdn. Bhd. , |c 1995 | ||
| 300 | |a 202p. ; |c 26cm. | ||
| 650 | 0 | 0 | |a History |x PMR |
| 999 | |a 055142 |b BUKU |c PINJAMAN |e PERPUSTAKAAN KOMUNITI CAW KOTA DAMANSARA | ||